[Event "SVK-chT3B2 2122"]
[Site "Slovakia"]
[Date "2022.05.08"]
[Round "10.8"]
[White "Hrubisko, Lukas"]
[Black "Pis, Jozef"]
[Result "1-0"]
[WhiteElo "1314"]
[BlackElo "1386"]
[PlyCount "77"]
[EventDate "2021.10.24"]
[EventType "team-tourn"]
[EventRounds "11"]
[EventCountry "SVK"]
[SourceTitle "EXT 2024"]
[Source "ChessBase"]
[SourceDate "2023.10.10"]
[SourceVersion "1"]
[SourceVersionDate "2023.10.10"]
[SourceQuality "1"]
[WhiteTeam "Dubnica nad Vahom III"]
[BlackTeam "Bojnice"]
[WhiteTeamCountry "SVK"]
[BlackTeamCountry "SVK"]

1. d4 Nf6 2. Bf4 g6 3. Nf3 Bg7 4. e3 d6 5. Bd3 0-0 6. h3 c5 7. c3 cxd4 8. cxd4 Nc6 9. a3 Qb6 10. b4 Re8 11. b5 Nd8 12. 0-0 Nh5 13. Bh2 Bd7 14. Nc3 Nf6 15. Qd2 Ne6 16. Rfc1 Qa5 17. Qb2 Rac8 18. Ne4 Nd5 19. Ned2 Ndc7 20. a4 Nd5 21. Be4 Rxc1+ 22. Qxc1 Nc3 23. Bd3 Rc8 24. Qa3 Nd5 25. Nc4 Qb4 26. Qxb4 Nxb4 27. Be2 Nd5 28. Nfd2 f5 29. Bf3 Nec7 30. Na5 b6 31. Nab3 e5 32. dxe5 Bxe5 33. Bxe5 dxe5 34. e4 fxe4 35. Bxe4 Nc3 36. Bb7 Rf8 37. Bf3 Rf4 38. Rc1 N3d5 39. Rc4 1-0

[Event "SVK-chT3B2 1920"]
[Site "Slovakia"]
[Date "2020.02.23"]
[Round "9.8"]
[White "Pis, Jozef"]
[Black "Horecny, Marian"]
[Result "0-1"]
[WhiteElo "1389"]
[BlackElo "1395"]
[PlyCount "76"]
[EventDate "2019.10.06"]
[EventType "team-tourn"]
[EventRounds "11"]
[EventCountry "SVK"]
[SourceTitle "CBM 195 Extra"]
[Source "ChessBase"]
[SourceDate "2020.05.31"]
[SourceVersion "1"]
[SourceVersionDate "2020.05.31"]
[SourceQuality "1"]
[WhiteTeam "Bojnice"]
[BlackTeam "Nemsova Horne Srnie II"]
[WhiteTeamCountry "SVK"]
[BlackTeamCountry "SVK"]

1. d4 d6 2. c4 h6 3. Nc3 Nf6 4. e4 Nh7 5. Bd3 g6 6. Nf3 e6 7. 0-0 Qe7 8. Qc2 Nd7 9. Be3 Bg7 10. Rfe1 c6 11. Qd2 g5 12. a3 g4 13. Bxh6 Bxh6 14. Qxh6 gxf3 15. e5 Qg5 16. Qh3 Qxg2+ 17. Qxg2 fxg2 18. exd6 Ndf6 19. f3 Nf8 20. d5 Bd7 21. b4 Rg8 22. a4 Nh5 23. c5 Nf4 24. Bf5 N8g6 25. dxe6 fxe6 26. Bg4 e5 27. Ne4 0-0-0 28. Bxd7+ Rxd7 29. Nf6 Rgg7 30. Nxd7 Kxd7 31. Re4 Nh4 32. Rxf4 exf4 33. Kf2 Nf5 34. Kg1 Nh4 35. Ra3 Rg5 36. Rc3 a6 37. Rd3 Re5 38. Rd1 Re2 0-1

[Event "SVK-chT3B2 1617"]
[Site "Slovakia"]
[Date "2017.01.29"]
[Round "7.8"]
[White "Pis, Jozef"]
[Black "Volanek, Maros"]
[Result "1-0"]
[WhiteElo "1000"]
[BlackElo "1065"]
[PlyCount "61"]
[EventDate "2016.10.16"]
[EventType "team-tourn"]
[EventRounds "11"]
[EventCountry "SVK"]
[SourceTitle "EXT 2018"]
[Source "ChessBase"]
[SourceDate "2017.10.13"]
[SourceVersion "1"]
[SourceVersionDate "2017.10.13"]
[SourceQuality "1"]
[WhiteTeam "Bojnice"]
[BlackTeam "Povazske Podhradie II"]
[WhiteTeamCountry "SVK"]
[BlackTeamCountry "SVK"]

1. d4 d5 2. c4 e6 3. Nf3 Nf6 4. Nc3 Bd6 5. Bg5 h6 6. Bxf6 Qxf6 7. cxd5 0-0 8. dxe6 Bxe6 9. e4 Nd7 10. e5 Qe7 11. exd6 Qxd6 12. Bd3 c5 13. dxc5 Nxc5 14. Bh7+ Kxh7 15. Qxd6 Rac8 16. 0-0 Rfd8 17. Qg3 Bc4 18. Rfd1 Rxd1+ 19. Rxd1 Re8 20. Ne5 Ba6 21. Nxf7 Nd7 22. h3 Nf6 23. Nd5 Nxd5 24. Rxd5 Bc4 25. Rd7 Rg8 26. Nxh6 Be6 27. Nxg8 Bxd7 28. Qd3+ Kxg8 29. Qxd7 b6 30. Qxa7 Kf8 31. Qxb6 1-0